[Event "ch-CRO"]
[Site "Split CRO"]
[Date "2008.01.20"]
[Round "5"]
[White "Jankovic, A."]
[Black "Hulak, K."]
[Result "1/2-1/2"]
[WhiteElo "2541"]
[BlackElo "2552"]
[PlyCount "126"]
[EventDate "2008.01.16"]
[SourceDate "1999.07.01"]

1. d4 Nf6 2. c4 e6 3. Nc3 Bb4 4. Qc2 c5 5. dxc5 Qc7 6. Nf3 Bxc5 7. g3 a6 8. Bf4
d6 9. Bg2 e5 10. Bg5 Nbd7 11. Rd1 h6 12. Bc1 Nb6 13. Nd2 Be6 14. Na4 Nxa4 15.
Qxa4+ Ke7 16. O-O b5 17. cxb5 axb5 18. Qxb5 Rxa2 19. e3 Rb8 20. Qd3 d5 21. Nb1
d4 22. exd4 Bxd4 23. Nd2 Bxb2 24. Bxb2 Rbxb2 25. h3 Qb6 26. Rfe1 Nd7 27. Rf1
Qb4 28. Ne4 Rb3 29. Qd6+ Qxd6 30. Nxd6 Ra6 31. Ne4 Ra5 32. Ra1 Rxa1 33. Rxa1 f5
34. Nd2 Rd3 35. Nf1 g5 36. Ra8 h5 37. Ra4 g4 38. Ra8 Rd1 39. f3 Bd5 40. Ra3
gxh3 41. Bxh3 Bc4 42. Kf2 f4 43. gxf4 exf4 44. Ra7 Be6 45. Bxe6 Kxe6 46. Ke2
Rc1 47. Ra8 Rc3 48. Rh8 Nf6 49. Nd2 Kf5 50. Rf8 Re3+ 51. Kf2 Kg5 52. Ne4+ Nxe4+
53. fxe4 h4 54. Rg8+ Kh5 55. Rg7 h3 56. Rg8 Ra3 57. e5 Re3 58. Re8 Kg4 59. e6
h2 60. Rg8+ Kf5 61. Rh8 Rxe6 62. Rxh2 Ra6 63. Rh3 Kg4 1/2-1/2

[Event "Trophee CCAS KO"]
[Site "Cap d'Agde FRA"]
[Date "2008.10.29"]
[Round "1.2"]
[White "Karpov, Ana"]
[Black "Caruana, F."]
[Result "0-1"]
[WhiteElo "2651"]
[BlackElo "2640"]
[PlyCount "146"]
[EventDate "2008.10.29"]
[SourceDate "1999.07.01"]

1. d4 Nf6 2. c4 e6 3. Nc3 Bb4 4. Qc2 c5 5. dxc5 O-O 6. a3 Bxc5 7. Nf3 b6 8. Bf4
Bb7 9. Rd1 Nc6 10. e3 a6 11. Be2 Be7 12. O-O Rc8 13. Ne5 Nxe5 14. Bxe5 d6 15.
Bg3 Qc7 16. Rd4 Rfd8 17. Qb3 Bc6 18. Rfd1 Rd7 19. f3 Rcd8 20. e4 Qb7 21. Bf2
Rb8 22. a4 Rdd8 23. Bg3 Qc7 24. Bf2 Nd7 25. Qc2 Rbc8 26. Be3 Ne5 27. b3 Ba8 28.
R4d2 Qb8 29. Qc1 Nc6 30. Bf4 Ne5 31. Kh1 Qc7 32. Be3 Bf6 33. Bf1 h6 34. Rc2 Nd7
35. Rcd2 Nc5 36. Qc2 Be5 37. Na2 a5 38. Nc3 Qe7 39. Bf2 Qg5 40. Ne2 Qf6 41. Qb1
Nxe4 42. Bxb6 Nxd2 43. Rxd2 Rd7 44. Bxa5 Qh4 45. h3 Qf2 46. Rd3 Rb7 47. Qd1
Rbb8 48. Bd2 Qc5 49. Be3 Qa3 50. Nd4 d5 51. Nb5 Qb4 52. Rd2 Qe7 53. a5 dxc4 54.
bxc4 Bb7 55. Bb6 Qh4 56. Nd6 Qf4 57. Kg1 Qh2+ 58. Kf2 Qg3+ 59. Kg1 Qh2+ 60. Kf2
Bxf3 61. Kxf3 Qf4+ 62. Ke2 Rc6 63. Be3 Qh4 64. c5 Rb4 65. Rc2 Rb3 66. Qd2 Rxe3+
67. Qxe3 Bxd6 68. a6 Qa4 69. Qd3 Bxc5 70. Qc4 Qa3 71. Qd3 Qa1 72. Qe4 Qxa6+ 73.
Kf3 Qxf1+ 0-1

[Event "Zvenigorodskaya Open A"]
[Site "Zvenigorod RUS"]
[Date "2008.09.26"]
[Round "2"]
[White "Bocharov, D."]
[Black "Korobkov, P."]
[Result "1/2-1/2"]
[WhiteElo "2582"]
[BlackElo "2516"]
[PlyCount "102"]
[EventDate "2008.09.25"]
[SourceDate "1999.07.01"]

1. d4 Nf6 2. c4 e6 3. Nc3 Bb4 4. Qc2 c5 5. dxc5 Na6 6. a3 Qa5 7. Bd2 Nxc5 8.
Rc1 Bxc3 9. Bxc3 Qa4 10. b4 Qxc2 11. Rxc2 Na4 12. Bd4 d6 13. f3 e5 14. Bf2 d5
15. cxd5 Nxd5 16. e4 Ndc3 17. Kd2 Be6 18. Rxc3 Nxc3 19. Kxc3 O-O 20. Be1 Rfd8
21. Be2 f5 22. Nh3 Rac8+ 23. Kb2 Bc4 24. Bxc4+ Rxc4 25. Nf2 Rdc8 26. Kb3 Rc2
27. exf5 Re2 28. Nd1 Rc1 29. Bg3 Rxg2 30. Ne3 Rxh1 31. Nxg2 Rb1+ 32. Ka4 Rd1
33. Bxe5 b5+ 34. Kxb5 Rd3 35. Nf4 Re3 36. Bb8 Rxa3 37. Kc5 a5 38. bxa5 Rb3 39.
Kc6 Rxb8 40. a6 Rb2 41. Nd5 Rxh2 42. a7 Ra2 43. Kb7 Kf7 44. a8=Q Rxa8 45. Kxa8
h5 46. Kb7 h4 47. Nf4 Kf6 48. Kc6 Kxf5 49. Nh3 g5 50. Kd5 g4 51. fxg4+ Kxg4
1/2-1/2

[Event "Vasylyshyn Mem"]
[Site "Lviv UKR"]
[Date "2008.10.25"]
[Round "6"]
[White "Zakhartsov, Vi"]
[Black "Kravtsiv, M."]
[Result "0-1"]
[WhiteElo "2537"]
[BlackElo "2549"]
[PlyCount "94"]
[EventDate "2008.10.21"]
[SourceDate "1999.07.01"]

1. d4 Nf6 2. c4 e6 3. Nc3 Bb4 4. Qc2 O-O 5. a3 Bxc3+ 6. Qxc3 b6 7. Bg5 Bb7 8.
e3 d6 9. Ne2 Nbd7 10. Qc2 c5 11. Rd1 Qe7 12. Nc3 cxd4 13. Rxd4 Rfd8 14. f3 h6
15. Bh4 Ne5 16. Be2 Ng6 17. Bf2 e5 18. Rd1 d5 19. cxd5 Nxd5 20. Nxd5 Bxd5 21.
O-O Qe6 22. Qa4 Bb3 23. Rxd8+ Rxd8 24. Qxa7 Rd2 25. Qa6 Rxb2 26. Rc1 e4 27. f4
Ne7 28. Qb5 Kh7 29. Bc4 Qd6 30. Bxb3 Qxa3 31. Qe5 Rxb3 32. Qxe4+ f5 33. Qc4 b5
34. Qc7 Qb4 35. Bh4 Nd5 36. Qe5 Qe4 37. Qxe4 fxe4 38. Bf2 b4 39. Kf1 Rc3 40.
Rb1 b3 41. g4 Nb6 42. Be1 Rxe3 43. Bf2 Rf3 44. Ke2 Nc4 45. f5 b2 46. Bc5 Rh3
47. Bg1 Rc3 0-1

[Event "Vasylyshyn Mem"]
[Site "Lviv UKR"]
[Date "2008.10.26"]
[Round "8"]
[White "Vovk, Y."]
[Black "Oleksienko, M."]
[Result "1-0"]
[WhiteElo "2549"]
[BlackElo "2585"]
[PlyCount "91"]
[EventDate "2008.10.21"]
[SourceDate "1999.07.01"]

1. d4 Nf6 2. c4 e6 3. Nc3 Bb4 4. Qc2 O-O 5. e4 d5 6. e5 Ne4 7. a3 Bxc3+ 8. bxc3
c5 9. Bb2 cxd4 10. cxd4 Qa5+ 11. Ke2 f6 12. f3 fxe5 13. fxe4 Nc6 14. Nf3 exd4
15. Kf2 Qc5 16. Qd3 Qb6 17. Rb1 Kh8 18. Ba1 Qd8 19. h4 dxe4 20. Qxe4 e5 21. Bd3
Bf5 22. Qe2 Qe7 23. Bxf5 Rxf5 24. Kg1 Rd8 25. Ng5 Rf4 26. g3 d3 27. Qh5 g6 28.
Qxh7+ Qxh7 29. Nxh7 Rxc4 30. Ng5 Kg8 31. Kf2 Rc2+ 32. Kf3 b6 33. Rhd1 d2 34.
Ke2 Na5 35. Bxe5 Nc4 36. Bf4 Nxa3 37. Rb3 Nc4 38. Rd3 Re8+ 39. Kf1 Rf8 40. Kg1
Re8 41. Nf3 a5 42. Rd7 a4 43. Nxd2 Nb2 44. Rf1 b5 45. Bh6 a3 46. Ne4 1-0

[Event "38th Olympiad"]
[Site "Dresden GER"]
[Date "2008.11.13"]
[Round "1"]
[White "Zhao Zong Yuan"]
[Black "Navara, D."]
[Result "1/2-1/2"]
[WhiteElo "2567"]
[BlackElo "2633"]
[PlyCount "94"]
[EventDate "2008.11.13"]
[SourceDate "1999.07.01"]

1. d4 Nf6 2. c4 e6 3. Nc3 Bb4 4. Qc2 d5 5. cxd5 Qxd5 6. Nf3 Qf5 7. Qxf5 exf5 8.
a3 Bd6 9. Nb5 Be6 10. e3 Bd5 11. Bd3 Be4 12. Be2 Nc6 13. O-O O-O-O 14. b4 Rhe8
15. Bb2 f4 16. Nxd6+ Rxd6 17. b5 Nd8 18. Ne5 fxe3 19. fxe3 Nd5 20. Bg4+ f5 21.
Rxf5 Bxf5 22. Bxf5+ Kb8 23. Re1 g6 24. Bc2 Kc8 25. e4 Nb6 26. Rf1 Ne6 27. d5
Nc5 28. Rf7 Ncd7 29. Nf3 Nc4 30. Bd4 Nxa3 31. Bd3 a6 32. bxa6 bxa6 33. Rxh7 Nb5
34. Bf2 Nc3 35. Rh4 a5 36. Bd4 Na2 37. Bb5 Kb7 38. Ng5 Re7 39. Ne6 Rdxe6 40.
dxe6 Nb6 41. Bxb6 Kxb6 42. Bd7 Nc3 43. e5 Kc5 44. Kf1 a4 45. Kg1 a3 46. Rb4 a2
47. Kf2 Kxb4 1/2-1/2

[Event "38th Olympiad"]
[Site "Dresden GER"]
[Date "2008.11.14"]
[Round "2"]
[White "Izoria, Z."]
[Black "Kotsur, P."]
[Result "1/2-1/2"]
[WhiteElo "2610"]
[BlackElo "2563"]
[PlyCount "62"]
[EventDate "2008.11.13"]
[SourceDate "1999.07.01"]

1. d4 Nf6 2. c4 e6 3. Nc3 Bb4 4. Qc2 c5 5. dxc5 Bxc5 6. Nf3 Qb6 7. e3 Qc7 8. g4
h6 9. Rg1 Bf8 10. Bd2 b6 11. Nb5 Qd8 12. g5 hxg5 13. Nxg5 Rh6 14. Ne4 Nxe4 15.
Qxe4 Nc6 16. Bc3 a6 17. Nd4 Qh4 18. Qxh4 Rxh4 19. Nxc6 dxc6 20. Bxg7 Bxg7 21.
Rxg7 Rxh2 22. Rg8+ Ke7 23. Bg2 Bb7 24. Rxa8 Bxa8 25. Bf3 Rh8 26. Ke2 c5 27.
Bxa8 Rxa8 28. a4 Kd6 29. Kd3 Rh8 30. Rg1 Rh2 31. Ke2 Ke5 1/2-1/2

[Event "38th Olympiad"]
[Site "Dresden GER"]
[Date "2008.11.14"]
[Round "2"]
[White "Van Wely, L."]
[Black "Iturrizaga, E."]
[Result "1/2-1/2"]
[WhiteElo "2618"]
[BlackElo "2538"]
[PlyCount "88"]
[EventDate "2008.11.13"]
[SourceDate "1999.07.01"]

1. d4 Nf6 2. c4 e6 3. Nc3 Bb4 4. Qc2 d5 5. cxd5 Qxd5 6. Nf3 Qf5 7. Qxf5 exf5 8.
Bd2 Be6 9. e3 Nc6 10. Bd3 O-O-O 11. g3 h6 12. O-O g5 13. a3 Be7 14. b4 g4 15.
Ne1 h5 16. Rc1 h4 17. Ng2 Nh7 18. Nxh4 Bxh4 19. gxh4 Ne5 20. dxe5 Rxd3 21. Be1
Nf8 22. f3 gxf3 23. Rxf3 Ng6 24. Nb5 Rd7 25. Bg3 Nxh4 26. Rf2 a6 27. Nd4 Rh5
28. b5 axb5 29. Nxb5 Kd8 30. Rf4 Ng6 31. Ra4 c6 32. Nd6 Ke7 33. Rb4 Rg5 34. Kf2
Rxg3 35. Kxg3 Nxe5 36. Nxb7 Rd3 37. a4 Rxe3+ 38. Kf4 Re2 39. Nc5 Kf6 40. a5 Bd5
41. a6 Ng6+ 42. Kg3 Rg2+ 43. Kh3 Rg5 44. Rc2 Rh5+ 1/2-1/2

[Event "38th Olympiad"]
[Site "Dresden GER"]
[Date "2008.11.16"]
[Round "4"]
[White "Steingrimsson, H."]
[Black "Iordachescu, V."]
[Result "1/2-1/2"]
[WhiteElo "2540"]
[BlackElo "2572"]
[PlyCount "61"]
[EventDate "2008.11.13"]
[SourceDate "1999.07.01"]

1. d4 Nf6 2. c4 e6 3. Nc3 Bb4 4. Qc2 d5 5. a3 Bxc3+ 6. Qxc3 Ne4 7. Qc2 c5 8.
dxc5 Nc6 9. e3 Qa5+ 10. Bd2 Nxd2 11. Qxd2 dxc4 12. Qxa5 Nxa5 13. Rc1 b5 14.
cxb6 Bb7 15. bxa7 Ke7 16. Ne2 Rxa7 17. Nc3 Rb8 18. Na2 Bd5 19. Nb4 Nc6 20.
Nxc6+ Bxc6 21. Bxc4 Rxb2 22. O-O Rxa3 23. Rb1 Rc2 24. Rfc1 Be4 25. Rxc2 Bxc2
26. Rc1 Bd3 27. h4 h6 28. Bxd3 Rxd3 29. g4 g5 30. Kg2 Kf6 31. Kg3 1/2-1/2

[Event "Russia Cup Final"]
[Site "Serpuhov RUS"]
[Date "2008.11.05"]
[Round "1.1"]
[White "Khismatullin, D."]
[Black "Shaposhnikov, E."]
[Result "1-0"]
[WhiteElo "2606"]
[BlackElo "2558"]
[PlyCount "59"]
[EventDate "2008.11.05"]
[SourceDate "1999.07.01"]

1. d4 Nf6 2. c4 e6 3. Nc3 Bb4 4. Qc2 c5 5. dxc5 O-O 6. Nf3 Na6 7. c6 bxc6 8. a3
Be7 9. e4 d5 10. e5 Nd7 11. Bd3 h6 12. O-O Nc7 13. Bf4 dxc4 14. Bxc4 Nd5 15.
Bd2 a5 16. Ba2 Re8 17. Rfe1 Rb8 18. Rad1 Qb6 19. Na4 Qc7 20. Bb1 Nf8 21. Re4 f5
22. exf6 Bxf6 23. Rde1 e5 24. Ba2 Qd6 25. Rc4 Kh8 26. Rxc6 Qd7 27. Bxd5 Qxd5
28. Nb6 Qd8 29. Nxc8 Rxc8 30. Bxa5 1-0

[Event "Russia Cup Final"]
[Site "Serpuhov RUS"]
[Date "2008.11.06"]
[Round "1.4"]
[White "Khismatullin, D."]
[Black "Shaposhnikov, E."]
[Result "1-0"]
[WhiteElo "2606"]
[BlackElo "2558"]
[PlyCount "72"]
[EventDate "2008.11.05"]
[SourceDate "1999.07.01"]

1. d4 Nf6 2. c4 e6 3. Nc3 Bb4 4. Qc2 c5 5. dxc5 O-O 6. a3 Bxc5 7. Nf3 Qb6 8. e3
Be7 9. e4 d6 10. Be3 Qc6 11. Nd4 Qd7 12. Be2 a6 13. O-O Qc7 14. Rfc1 b6 15. a4
Bb7 16. a5 bxa5 17. Nb3 Nc6 18. Nd5 exd5 19. cxd5 Rfc8 20. Nd4 Nxd4 21. Qxc7
Nxe2+ 22. Kf1 Rxc7 23. Rxc7 Bxd5 24. exd5 Nxd5 25. Rb7 Nec3 26. bxc3 Bf6 27.
Bd4 Nxc3 28. Bxf6 gxf6 29. Rxa5 Kg7 30. Rb6 Ne4 31. Raxa6 Rc8 32. Rc6 Rb8 33.
Rc2 Rb1+ 34. Ke2 d5 35. f3 Ng5 36. Kf2 Ne6 1-0

[Event "38th Olympiad"]
[Site "Dresden GER"]
[Date "2008.11.19"]
[Round "6"]
[White "Bu Xiangzhi"]
[Black "Izoria, Z."]
[Result "1/2-1/2"]
[WhiteElo "2714"]
[BlackElo "2610"]
[PlyCount "60"]
[EventDate "2008.11.13"]
[SourceDate "1999.07.01"]

1. d4 Nf6 2. c4 e6 3. Nc3 Bb4 4. Qc2 O-O 5. a3 Bxc3+ 6. Qxc3 b6 7. Bg5 Bb7 8.
e3 d6 9. Ne2 Nbd7 10. Rd1 h6 11. Bh4 Ne4 12. Bxd8 Nxc3 13. Nxc3 Rfxd8 14. f3
Kf8 15. Kf2 Ke7 16. Bd3 Nf6 17. e4 c5 18. d5 e5 19. Rb1 Bc8 20. h4 Bd7 21. Nd1
g5 22. g4 Rg8 23. h5 a5 24. b3 Rgb8 25. Ne3 Kd8 26. a4 Kc7 27. Rbc1 Rc8 28. Rb1
Rcb8 29. Rbc1 Rc8 30. Rb1 Rcb8 1/2-1/2

[Event "38th Olympiad"]
[Site "Dresden GER"]
[Date "2008.11.22"]
[Round "9"]
[White "Kramnik, V."]
[Black "Ivanchuk, V."]
[Result "1/2-1/2"]
[WhiteElo "2772"]
[BlackElo "2786"]
[PlyCount "108"]
[EventDate "2008.11.13"]
[SourceDate "1999.07.01"]

1. d4 e6 2. c4 Nf6 3. Nc3 Bb4 4. Qc2 O-O 5. a3 Bxc3+ 6. Qxc3 d6 7. f3 c5 8.
dxc5 dxc5 9. Bg5 h6 10. Bf4 Nc6 11. Rd1 Qa5 12. Bd2 Qa4 13. e3 e5 14. Ra1 Re8
15. Ne2 Bf5 16. b3 Qa6 17. Ng3 Bg6 18. Be2 Qb6 19. O-O a5 20. Rfd1 Nh7 21. Be1
Ng5 22. Rd5 Ne6 23. Rad1 a4 24. b4 cxb4 25. axb4 Nf4 26. Rd6 Nxe2+ 27. Nxe2
Red8 28. b5 Rxd6 29. Rxd6 Qc7 30. c5 Na5 31. Qb4 Nb3 32. c6 bxc6 33. b6 Qb7 34.
Nc3 Na1 35. Qc5 a3 36. Qxc6 Qxc6 37. Rxc6 Rb8 38. Nd5 Nb3 39. Bc3 a2 40. Bxe5
f6 41. Bc3 Bf7 42. e4 Bxd5 43. exd5 Na5 44. Rc5 Nb3 45. Rc6 Na5 46. Rc5 Nb3 47.
Rb5 Rc8 48. b7 Rxc3 49. b8=Q+ Kh7 50. Rxb3 a1=Q+ 51. Rb1 Rc1+ 52. Rxc1 Qxc1+
53. Kf2 Qd2+ 54. Kf1 Qd1+ 1/2-1/2

[Event "XXXII Tenkes Cup"]
[Site "Harkany HUN"]
[Date "2008.11.21"]
[Round "8"]
[White "Gordon, S."]
[Black "Corrales Jimenez, F."]
[Result "0-1"]
[WhiteElo "2521"]
[BlackElo "2552"]
[PlyCount "90"]
[EventDate "2008.11.14"]
[SourceDate "1999.07.01"]

1. d4 Nf6 2. c4 e6 3. Nc3 Bb4 4. Qc2 d5 5. a3 Bxc3+ 6. Qxc3 Ne4 7. Qc2 c5 8.
dxc5 Nc6 9. cxd5 exd5 10. e3 Qa5+ 11. Bd2 Nxd2 12. Qxd2 Qxc5 13. b4 Qd6 14. Nf3
O-O 15. Be2 Bg4 16. O-O Rad8 17. Rfd1 a6 18. h3 Bh5 19. Ra2 Rd7 20. Nd4 Bxe2
21. Qxe2 Ne5 22. Rad2 Nc4 23. Nf5 Qf6 24. Rxd5 Rxd5 25. Rxd5 Nxa3 26. Qg4 g6
27. Ng3 Rd8 28. Nh5 Qb6 29. Rc5 Kh8 30. Nf4 Nb5 31. Qg5 Re8 32. h4 Qd8 33. Re5
Nc7 34. Rxe8+ Qxe8 35. h5 Qd7 36. Qe5+ Kg8 37. h6 Ne8 38. Nd5 f5 39. g3 Kf7 40.
Kh2 Qd6 41. Qd4 Nf6 42. Nf4 Qxd4 43. exd4 b6 44. Kg2 a5 45. bxa5 bxa5 0-1

[Event "38th Olympiad"]
[Site "Dresden GER"]
[Date "2008.11.13"]
[Round "1"]
[White "Zhao Zong Yuan"]
[Black "Navara, D."]
[Result "1/2-1/2"]
[WhiteElo "2567"]
[BlackElo "2633"]
[PlyCount "89"]
[EventDate "2008.11.13"]
[SourceDate "1999.07.01"]

1. d4 Nf6 2. c4 e6 3. Nc3 Bb4 4. Qc2 d5 5. cxd5 Qxd5 6. Nf3 Qf5 7. Qxf5 exf5 8.
a3 Bd6 9. Nb5 Be6 10. e3 Bd5 11. Bd3 Be4 12. Be2 Nc6 13. O-O O-O-O 14. b4 Rhe8
15. Bb2 f4 16. Nxd6+ Rxd6 17. b5 Nd8 18. Ne5 fxe3 19. fxe3 Nd5 20. Bg4+ f5 21.
Rxf5 Bxf5 22. Bxf5+ Kb8 23. Re1 g6 24. Bc2 Kc8 25. e4 Nb6 26. Rf1 Ne6 27. d5
Nc5 28. Rf7 Ncd7 29. Nf3 Nc4 30. Bd4 Nxa3 31. Bd3 a6 32. bxa6 bxa6 33. Rxh7 Nb5
34. Bf2 Nc3 35. Rh4 a5 36. Bd4 Na2 37. Bb5 Kb7 38. Ng5 Re7 39. Ne6 Rdxe6 40.
dxe6 Nb6 41. Bxb6 Kxb6 42. Bd7 Nc3 43. e5 Kc5 44. Kf1 a4 45. Bxa4 1/2-1/2

[Event "USCL KO T/B 2008"]
[Site "ICC INT"]
[Date "2008.12.06"]
[Round "3"]
[White "Kuljasevic, D."]
[Black "Christiansen, L."]
[Result "1/2-1/2"]
[WhiteElo "2521"]
[BlackElo "2588"]
[PlyCount "70"]
[EventDate "2008.11.10"]
[SourceDate "1999.07.01"]

1. d4 Nf6 2. c4 e6 3. Nc3 Bb4 4. Qc2 O-O 5. e4 d5 6. e5 Ne4 7. Bd3 c5 8. Nge2
cxd4 9. Nxd4 Nd7 10. Bf4 Qb6 11. Nb3 f6 12. Be3 Qc7 13. Bxe4 dxe4 14. exf6 Nxf6
15. a3 Bxc3+ 16. Qxc3 e5 17. O-O Be6 18. Rac1 Rad8 19. Nc5 Bf7 20. h3 b6 21.
Na6 Qc8 22. Nb4 a5 23. Na2 Rd3 24. Qxe5 Qb7 25. Rc2 b5 26. Nc1 bxc4 27. Nxd3
exd3 28. Rcc1 Re8 29. Qxa5 Qxb2 30. Rb1 Qe2 31. Rfe1 Qa2 32. Ra1 Qb2 33. Rab1
Qa2 34. Ra1 Qb2 35. Rab1 Qa2 1/2-1/2

[Event "8th Amplico AIG Life Rapid"]
[Site "Warsaw POL"]
[Date "2008.12.20"]
[Round "6"]
[White "Kveinys, A."]
[Black "Aleksandrov, A."]
[Result "1/2-1/2"]
[WhiteElo "2533"]
[BlackElo "2617"]
[PlyCount "70"]
[EventDate "2008.12.20"]
[SourceDate "1999.07.01"]

1. d4 Nf6 2. c4 e6 3. Nc3 Bb4 4. Qc2 O-O 5. a3 Bxc3+ 6. Qxc3 b6 7. Bg5 c5 8. d5
Nxd5 9. Qxg7+ Kxg7 10. Bxd8 Rxd8 11. cxd5 exd5 12. e3 Nc6 13. Nf3 d6 14. O-O-O
Be6 15. Bb5 Ne5 16. Be2 Rab8 17. Nh4 f5 18. g3 Rbc8 19. Kb1 c4 20. Ng2 c3 21.
Rc1 cxb2 22. Rxc8 Rxc8 23. Nf4 Bf7 24. Rd1 Rc5 25. Kxb2 Nc4+ 26. Bxc4 dxc4 27.
Rxd6 Rb5+ 28. Kc3 Rb3+ 29. Kd4 Rxa3 30. Rd7 Ra5 31. Rc7 a6 32. Nh5+ Kf8 33. Nf6
Kg7 34. Nh5+ Kg6 35. Nf4+ Kg7 1/2-1/2

[Event "8th Amplico AIG Life Rapid"]
[Site "Warsaw POL"]
[Date "2008.12.20"]
[Round "8"]
[White "Kveinys, A."]
[Black "Drozdovskij, Y."]
[Result "0-1"]
[WhiteElo "2533"]
[BlackElo "2587"]
[PlyCount "90"]
[EventDate "2008.12.20"]
[SourceDate "1999.07.01"]

1. d4 Nf6 2. c4 e6 3. Nc3 Bb4 4. Qc2 O-O 5. a3 Bxc3+ 6. Qxc3 b6 7. Bg5 h6 8.
Bh4 Ba6 9. Qf3 Nc6 10. Bxf6 Qxf6 11. Qxf6 gxf6 12. e3 Na5 13. Rc1 c5 14. d5
Rab8 15. Nh3 b5 16. cxb5 Bxb5 17. Bxb5 Rxb5 18. O-O c4 19. Nf4 Rxb2 20. Nh5 Rd8
21. Nxf6+ Kg7 22. Nh5+ Kg6 23. Nf4+ Kf6 24. Rfd1 e5 25. Nh5+ Kg6 26. Ng3 Rc8
27. Ne4 f5 28. Nc3 Nb3 29. Rb1 Rc2 30. Nb5 Rc5 31. a4 Nd2 32. Ra1 c3 33. Rac1
Rxc1 34. Rxc1 c2 35. Na3 Rc3 36. Rxc2 Rxa3 37. f3 Rd3 38. Rc7 Rxd5 39. Rxa7 Nc4
40. e4 fxe4 41. fxe4 Rd2 42. a5 Ne3 43. a6 Rxg2+ 44. Kh1 Ra2 45. Kg1 Ng4 0-1

[Event "8th Amplico AIG Life Rapid"]
[Site "Warsaw POL"]
[Date "2008.12.20"]
[Round "8"]
[White "Sumets, A."]
[Black "Jaracz, P."]
[Result "1/2-1/2"]
[WhiteElo "2545"]
[BlackElo "2513"]
[PlyCount "59"]
[EventDate "2008.12.20"]
[SourceDate "1999.07.01"]

1. d4 Nf6 2. c4 e6 3. Nc3 Bb4 4. Qc2 c5 5. dxc5 O-O 6. a3 Bxc5 7. Nf3 b6 8. Bf4
Bb7 9. Rd1 Nh5 10. Bg3 h6 11. e3 Be7 12. Be2 Nxg3 13. hxg3 d6 14. O-O Nd7 15.
Rd2 Nf6 16. Rfd1 a6 17. Nd4 Qc7 18. Qb1 Rac8 19. Rc1 Qb8 20. Rdd1 Rfd8 21. Qa2
d5 22. cxd5 Nxd5 23. Nxd5 Bxd5 24. Qb1 Qb7 25. Bf3 Bxf3 26. Nxf3 Rxd1+ 27. Rxd1
Bf6 28. a4 Qc6 29. b3 b5 30. Qd3 1/2-1/2

[Event "1st Asian Clubs"]
[Site "Al Ain UAE"]
[Date "2008.12.30"]
[Round "6"]
[White "Safin, S."]
[Black "Zhou Weiqi"]
[Result "1-0"]
[WhiteElo "2510"]
[BlackElo "2548"]
[PlyCount "65"]
[EventDate "2008.12.25"]
[SourceDate "1999.07.01"]

1. d4 Nf6 2. c4 e6 3. Nc3 Bb4 4. Qc2 c5 5. dxc5 O-O 6. a3 Bxc5 7. Nf3 b6 8. Bf4
Bb7 9. e3 Nc6 10. Rd1 Rc8 11. Be2 Be7 12. O-O Na5 13. Nb5 Be4 14. Qa4 a6 15.
Nd6 b5 16. cxb5 Bc2 17. Qd4 Bxd1 18. Qxd1 Rc5 19. e4 axb5 20. b4 Nh5 21. Be5
Rc6 22. bxa5 f6 23. Bxb5 Rc7 24. Bb2 Qb8 25. a4 Rc5 26. Nc4 Rxc4 27. Bxc4 Qxb2
28. Qxd7 Bc5 29. Qxe6+ Kh8 30. g3 g6 31. Qd5 Qb4 32. a6 f5 33. e5 1-0

[Event "1st Asian Clubs"]
[Site "Al Ain UAE"]
[Date "2008.12.31"]
[Round "7"]
[White "Safin, S."]
[Black "Mahjoob, M."]
[Result "1/2-1/2"]
[WhiteElo "2510"]
[BlackElo "2507"]
[PlyCount "61"]
[EventDate "2008.12.25"]
[SourceDate "1999.07.01"]

1. d4 Nf6 2. c4 e6 3. Nc3 Bb4 4. Qc2 d5 5. cxd5 Qxd5 6. Nf3 Qf5 7. Qxf5 exf5 8.
a3 Bd6 9. g3 c6 10. Bg2 Nbd7 11. Nd2 Nb6 12. Nb3 h6 13. O-O O-O 14. Na5 Rd8 15.
e3 Rb8 16. b3 Be6 17. Bb2 Nbd5 18. Nc4 Bc7 19. Nxd5 Nxd5 20. Rac1 Re8 21. Rfd1
Rbd8 22. a4 Bd6 23. Nxd6 Rxd6 24. Ba3 Rd7 25. Bc5 a5 26. Bf1 g5 27. Re1 g4 28.
e4 fxe4 29. Rxe4 Nf6 30. Re3 Bd5 31. Rxe8+ 1/2-1/2

[Event "World Open"]
[Site "Leon ESP"]
[Date "2008.12.27"]
[Round "5"]
[White "Fridman, D2."]
[Black "Cruz, Cr"]
[Result "1/2-1/2"]
[WhiteElo "2630"]
[BlackElo "2534"]
[PlyCount "97"]
[EventDate "2008.12.26"]
[SourceDate "1999.07.01"]

1. d4 e6 2. c4 Nf6 3. Nc3 Bb4 4. Qc2 d5 5. a3 Bxc3+ 6. Qxc3 Ne4 7. Qc2 c5 8.
dxc5 Nc6 9. e3 Qa5+ 10. Bd2 Nxd2 11. Qxd2 dxc4 12. Bxc4 Qxc5 13. Rc1 Qe7 14.
Nf3 O-O 15. O-O Rd8 16. Qc3 Bd7 17. b4 a6 18. e4 Na7 19. e5 Bc6 20. Be2 Nb5 21.
Qe3 a5 22. a4 Bxf3 23. Bxb5 Bd5 24. bxa5 Rxa5 25. Rc3 Bc6 26. Qb6 Rda8 27. Rfc1
Bxb5 28. axb5 Ra1 29. g3 Rxc1+ 30. Rxc1 Qd7 31. Rc5 Rc8 32. Rxc8+ Qxc8 33. Qd6
h6 34. b6 Qa8 35. Kg2 Qc8 36. Qc7 Qa8 37. h3 Kf8 38. Qd7 Kg8 39. g4 Kf8 40. Kg3
Kg8 41. Kh4 Kf8 42. f4 Kg8 43. f5 exf5 44. gxf5 Qa5 45. Qd4 Qe1+ 46. Kg4 Qe2+
47. Kg3 Qe1+ 48. Kg4 Qe2+ 49. Kg3 1/2-1/2

[Event "World Open"]
[Site "Leon ESP"]
[Date "2008.12.27"]
[Round "7"]
[White "Fridman, D2."]
[Black "Suba, M."]
[Result "1-0"]
[WhiteElo "2630"]
[BlackElo "2531"]
[PlyCount "59"]
[EventDate "2008.12.26"]
[SourceDate "1999.07.01"]

1. d4 Nf6 2. c4 e6 3. Nc3 Bb4 4. Qc2 O-O 5. e4 d5 6. e5 Ne4 7. Bd3 c5 8. Nge2
cxd4 9. Nxd4 Nd7 10. Bf4 Bxc3+ 11. bxc3 Ndc5 12. O-O f6 13. Rad1 Nxd3 14. Qxd3
Nc5 15. Qe3 b6 16. cxd5 exd5 17. e6 Qe7 18. Rfe1 g5 19. Qg3 Nxe6 20. Bd6 Qf7
21. Bxf8 Nxf8 22. h4 h6 23. hxg5 hxg5 24. f4 g4 25. f5 Ba6 26. Qxg4+ Qg7 27.
Qxg7+ Kxg7 28. Re7+ Kh6 29. Kf2 Kg5 30. Rg7+ 1-0

[Event "XX Open"]
[Site "Roquetas de Mar ESP"]
[Date "2009.01.06"]
[Round "8"]
[White "Herraiz Hidalgo, H."]
[Black "Cruz, Cr"]
[Result "1/2-1/2"]
[WhiteElo "2510"]
[BlackElo "2545"]
[PlyCount "65"]
[EventDate "2009.01.03"]
[SourceDate "1999.07.01"]

1. d4 Nf6 2. c4 e6 3. Nc3 Bb4 4. Qc2 O-O 5. a3 Bxc3+ 6. Qxc3 Ne4 7. Qc2 f5 8.
Nh3 d6 9. f3 Nf6 10. e3 e5 11. dxe5 dxe5 12. Be2 c5 13. O-O Nc6 14. Nf2 b6 15.
b3 a5 16. Bb2 Ra7 17. Rad1 Rd7 18. Rxd7 Qxd7 19. Rd1 Qe7 20. Rd2 Rd8 21. Rxd8+
Qxd8 22. Nd3 Qe7 23. Qc3 Nd7 24. f4 e4 25. Nf2 Nf6 26. h3 h5 27. Qd2 Be6 28. a4
Bf7 29. g3 Kf8 30. Kg2 Ne8 31. Qd1 g6 32. Qd2 Qd6 33. Qxd6+ 1/2-1/2

[Event "ch-AZE"]
[Site "Baku AZE"]
[Date "2009.01.16"]
[Round "4"]
[White "Abbasov, F."]
[Black "Ibrahimov, R."]
[Result "1-0"]
[WhiteElo "2565"]
[BlackElo "2568"]
[PlyCount "49"]
[EventDate "2009.01.13"]
[SourceDate "1999.07.01"]

1. d4 Nf6 2. c4 e6 3. Nc3 Bb4 4. Qc2 O-O 5. e4 d5 6. e5 Ne4 7. Bd3 c5 8. Nge2
cxd4 9. Nxd4 Nd7 10. Bf4 Ndc5 11. O-O Nxd3 12. Qxd3 Bxc3 13. bxc3 b6 14. cxd5
Qxd5 15. Rfd1 Bb7 16. c4 Qd7 17. f3 Nc5 18. Qe3 Qa4 19. Nb5 Qxc4 20. Nd6 Qa4
21. Rd4 Qd7 22. Ne4 Qe8 23. Nf6+ gxf6 24. Bh6 Kh8 25. Bg7+ 1-0

[Event "ch-BLR"]
[Site "Minsk BLR"]
[Date "2009.01.19"]
[Round "7"]
[White "Maiorov, N1."]
[Black "Zhigalko, A."]
[Result "1/2-1/2"]
[WhiteElo "2524"]
[BlackElo "2572"]
[PlyCount "81"]
[EventDate "2009.01.13"]
[SourceDate "1999.07.01"]

1. d4 Nf6 2. c4 e6 3. Nc3 Bb4 4. Qc2 d5 5. cxd5 exd5 6. Bg5 c5 7. dxc5 h6 8.
Bh4 g5 9. Bg3 Ne4 10. e3 Qa5 11. Nge2 Bf5 12. Be5 O-O 13. Nd4 Re8 14. Bxb8 Nxc3
15. Nxf5 Ne4+ 16. Kd1 Raxb8 17. Bd3 Rbc8 18. Ke2 Bxc5 19. Rhd1 Bf8 20. Qb1 Qc7
21. Ng3 Qe5 22. Bxe4 dxe4 23. Kf1 Bg7 24. Rd2 h5 25. Qd1 h4 26. Rd5 Qxb2 27.
Rb1 Qxa2 28. Nh5 Re5 29. Rd2 Qa6+ 30. Kg1 Bf8 31. Rd5 Rxd5 32. Qxd5 Rc5 33. Qd4
Qd3 34. Qa1 Rf5 35. g4 hxg3 36. Nxg3 Ra5 37. Qxa5 Qxb1+ 38. Kg2 Be7 39. Qe5 Qb4
40. Nh5 f6 41. Qe6+ 1/2-1/2